000 00388nam a2200181Ia 4500
001 843
005 20260306140547.0
008 260306t2001||||xx |||||||||||||| ||spa||
041 _aESP
082 _a170
_bR75 2001
100 _aRodríguez Duplá, Leonardo
_eAUT
245 0 _aÉtica
260 _c2001
300 _a
_c
650 _aGEN
654 _aCHU
942 _cLIB
_dJUS
_fJUS
_2ddc
_n
999 _c843
_d843